[Event "London Challenge m"]
[Site "London"]
[Date "1999.04.12"]
[Round "6"]
[White "Hebden, Mark"]
[Black "Arkell, Keith C"]
[Result "1/2-1/2"]
[WhiteElo "2556"]
[BlackElo "2438"]
[Annotator "Avrukh,B"]
[PlyCount "54"]
[EventDate "1999.04.??"]
[EventType "match"]
[EventRounds "6"]
[EventCountry "ENG"]
[SourceTitle "CBM 071"]
[Source "ChessBase"]
[SourceDate "1999.08.01"]
[SourceVersion "1"]
[SourceVersionDate "1999.08.01"]
[SourceQuality "1"]

1. d4 {Finkel,A} e6 2. Nf3 c5 3. c3 d5 4. Bf4 Nc6 5. e3 Bd6 6. Bg3 Nf6 7. Nbd2
Bxg3 (7... O-O 8. Ne5 Bxe5 $5 (8... cxd4 9. exd4 Bxe5 10. dxe5 Nd7 11. Nf3 Nc5
12. Be2 b6 13. Nd4 Bd7 14. O-O $14 {Meduna,E-Inkiov,V/Gausdal Int 1988}) 9.
dxe5 Nd7 10. Bd3 $6 Ncxe5 11. Bxe5 Nxe5 12. Bxh7+ Kxh7 13. Qh5+ Kg8 14. Qxe5 f6
$15 {Dus Chotimirsky,F-Vidmar,M/Karlsbad 1911}) (7... Ne4 8. Bxd6 Qxd6 9. Nxe4
dxe4 10. Nd2 cxd4 11. exd4 f5 12. f3 O-O 13. fxe4 fxe4 14. Bc4 e3 $132 {
Kovacevic,S-Lalev,D/Kamen Piskov mem 3 1983}) (7... cxd4 8. exd4 Nh5 9. Bxd6
Qxd6 10. g3 O-O 11. Bg2 f5 12. O-O Nf6 13. Ne1 $14 {Bilek,I-Inkiov,V/Berlin op
1984}) (7... Qe7 8. Ne5 Bd7 9. f4 Ne4 10. Nxe4 dxe4 11. Nxd7 Qxd7 12. d5 exd5
13. Qxd5 O-O-O 14. O-O-O $14 {Garcia,J-Rahman,T/Dubai olm 1986}) 8. hxg3 Qe7 (
8... cxd4 9. exd4 Ng4 10. Bb5 Bd7 11. Qe2 Qc7 12. Bxc6 Bxc6 13. Ng5 Nf6 14.
Ndf3 O-O-O $13 {Kovacevic,S-Diaz,P/Manresa op 1996}) (8... c4 $6 9. a4 $6 Qc7
10. Qc2 e5 11. dxe5 Nxe5 12. Nxe5 Qxe5 13. Nf3 Qe4 $11 {Gonzalez Aguirre,
L-Bjelica,K/Las Palmas-D 1994}) 9. Qa4 $5 (9. Bb5 $5 Bd7 10. Bxc6 Bxc6 11. Ne5
Rc8 12. g4 Nd7 13. Nxd7 Kxd7 14. Qf3 Rcf8 $13 {Agababian,N-Radu,E/Timisoara-W
1994}) 9... O-O 10. Ne5 $5 Nxe5 (10... Bd7 11. Nxd7 Nxd7 12. Bd3 h6 13. Nf3 (
13. O-O-O $6 Rfc8 14. Nf3 a6 15. Qc2 b5 $36 {[%cal Gb5b4]}) 13... e5 14. dxe5
Ndxe5 15. Nxe5 Nxe5 16. Bc2 $14) 11. dxe5 Nd7 12. Nf3 (12. Bd3 $5 h6 (12... g6)
13. Nf3 f6 (13... c4 $6 14. Bb1 Nc5 15. Qd1 b6 16. Qd4 $14) 14. Qh4 b6 15.
O-O-O Bb7 16. exf6 $14) 12... c4 13. Qd1 f6 14. exf6 (14. Qd4 $5 fxe5 15. Nxe5
Qf6 (15... Nxe5 16. Qxe5 Rf5 17. Qd4 Qf7 18. e4 $14) 16. Nf3 b6 17. O-O-O Nc5
$132 {[%csl Rf2][%cal Gc5e4]}) 14... Nxf6 15. Qd4 Ne4 $6 (15... b5 $5) 16. Bxc4
$5 Nxf2 17. Kxf2 dxc4 18. Qxc4 $14 h6 19. Rad1 Kh8 20. Kg1 $1 {[%cal Gf3e5]} e5
21. Rh5 $5 (21. Qe4 $5 Bf5 22. Qxe5 Qxe5 23. Nxe5 Rae8 24. Nf3 Rxe3 25. Kf2 $16
) 21... Bf5 22. Qh4 Qe6 (22... Qxh4 23. Rxh4 Rae8 24. Rb4 b6 25. Rd5 $16) 23.
g4 {[%csl Re5][%cal Gg4g5]} Bg6 24. Rxe5 Qxa2 25. g5 h5 26. Qb4 Rad8 27. Kh2 (
27. Rxd8 $5 Rxd8 28. Qxb7 $16) 27... b6 $16 1/2-1/2

[Event "Redbus KO"]
[Site "Southend"]
[Date "1999.04.02"]
[Round "1.1"]
[White "Speelman, Jonathan S"]
[Black "Ward, Christopher"]
[Result "1-0"]
[WhiteElo "2601"]
[BlackElo "2482"]
[Annotator "Avrukh,B"]
[PlyCount "111"]
[EventDate "1999.04.??"]
[EventType "k.o."]
[EventRounds "4"]
[EventCountry "ENG"]
[SourceTitle "CBM 071"]
[Source "ChessBase"]
[SourceDate "1999.08.01"]
[SourceVersion "1"]
[SourceVersionDate "1999.08.01"]
[SourceQuality "1"]

1. Nf3 {Finkel,A} d5 2. g3 c5 3. Bg2 Nc6 4. d4 cxd4 5. Nxd4 Qb6 $5 (5... e6 6.
O-O Bc5 7. Nb3 Bb6 (7... Be7 8. e4 dxe4 9. Qxd8+ Nxd8 10. Bxe4 Nf6 11. Bg2 Bd7
12. Be3 Bc6 $11 {Andersson,U-De Firmian,N/Biel 1990}) 8. c4 dxc4 9. Qxd8+ Bxd8
10. N3d2 $5 Nd4 11. Nc3 Ba5 12. e3 Bxc3 13. bxc3 Ne2+ 14. Kh1 Nxc1 15. Rfxc1
Rb8 $11 {Iliesco,J-Espina,C/Mar del Plata 1942}) (5... Qa5+ 6. Nc3 e6 7. Nb3
Qd8 8. O-O Nf6 9. e4 d4 10. Ne2 e5 11. h3 a5 $5 $13 {Kuever,M-Hawranke,D/RLN
1983}) 6. Nb3 Nf6 7. Be3 Qd8 8. O-O Bg4 $5 {Logical continuation.} (8... e6 $5)
9. h3 Bh5 10. c4 e6 (10... dxc4) 11. Nc3 dxc4 12. Nd4 Qd7 ({There is no clear
way to equality also after} 12... Nd5 $5 13. Nxc6 bxc6 14. Qa4 $1 Qd7 (14...
Nxe3 $2 15. Bxc6+ Ke7 16. fxe3 $1 $18 {[%csl Re7][%cal Ga1d1,Ga4a3]}) 15. Qxc4
Rb8 (15... Nxe3 16. Qxc6 Rc8 17. Qxd7+ Kxd7 18. fxe3 Bc5 $14) 16. Bc5 $5 Nxc3
17. Qxc3 Bxe2 18. Rfe1 $36 {and white has very dangerous initiative.}) 13. Nxc6
bxc6 14. Qxd7+ Kxd7 15. Rfd1+ Nd5 16. Rd4 {White gains nothing after both} (16.
Nxd5 $6 exd5 17. Bxd5 Bxe2 $1 18. Bxf7+ Bxd1 19. Rxd1+ $13) ({and} 16. Bxd5 $5
cxd5 $1 (16... exd5 17. Nxd5 Bxe2 18. Nb6+ Ke6 19. Nxa8 Bxd1 20. Rxd1 Bd6 21.
Rxd6+ Kxd6 22. Bf4+ Kd7 23. Nc7 g5 24. Be5 $16) 17. Nxd5 Bxe2 18. Nb6+ Kc6 19.
Nxa8 Bxd1 20. Rxd1 Be7 21. Rd4 Rxa8 22. Rxc4+ Kd7 $11) 16... Rb8 $5 17. Nxd5 $1
{[%mdl 4160] Now the timing is perfect.} cxd5 18. Bxd5 exd5 19. Rxd5+ Ke6 20.
Rxh5 Rxb2 21. Ra5 $1 (21. Bxa7 $6 Rxe2 22. Kf1 Rd2 23. Re1+ Kd7 24. a4 Bd6 $13)
21... Bd6 (21... Rxe2 22. Ra6+ $1 Kd5 (22... Bd6 $2 23. Rd1 Rd8 24. Bc5 c3 25.
Raxd6+ Rxd6 26. Rxd6+ Ke5 27. Rd1 $18) 23. Rd1+ Ke5 24. Rc1 $1 $16 {[%csl Ra7,
Rc4,Re5]}) 22. Ra6 c3 23. Rc1 $1 {[%mdl 4096] Making black to move the pawn to
c2,where it will become unprotectable.} c2 (23... Rc8 $5 24. Kg2 $5 (24. Bf4 $2
Rb6 $1 25. Rxb6 axb6 26. Bxd6 Kxd6 $17) (24. Bd4 $5 Rxe2 25. Rxc3 Rxc3 26. Bxc3
Kd5 27. Rxa7 $16) 24... c2 25. Bf4 Rb6 26. Rxb6 axb6 27. Bxd6 Kxd6 28. Kf1 $16)
24. Kg2 Rc8 (24... Kd5 $5) 25. Bf4 Rb6 (25... Rd8 26. a4) 26. Rxb6 axb6 27.
Bxd6 Kxd6 28. Kf1 $16 {[%csl Rc2][%cal Gf1e1,Ge1d2] It's clear that white will
win pawn c2,but anyway the position is drawn,but it demands an acurate play
from black.} Rc6 29. Ke1 Kd7 30. h4 h5 31. e3 b5 32. Kd2 Rf6 33. Ke2 Ra6 (33...
Rc6 34. Kd3) 34. Rxc2 Ra3 35. Kf3 Ra4 36. e4 g6 37. Kf4 Ke6 38. f3 Kf6 39. Rb2
Ra3 40. g4 hxg4 41. Kxg4 Ra4 42. h5 gxh5+ 43. Kxh5 Ra3 44. Kg4 Ra4 45. Kf4 Ra3
46. Rc2 Ke6 47. Kg4 Kf6 $5 (47... Ra4 $1) 48. f4 Ra4 49. e5+ Ke6 50. Kg5 Ra6
51. Rc5 $1 {[%cal Gf4f5][%mdl 4096]} Rxa2 $2 {Losing move.After correct} (51...
f6+ $1 52. Kg6 (52. exf6 Rxa2 $11) 52... fxe5 53. Rxe5+ Kd7+ 54. Kg7 b4 55. f5
Rxa2 56. f6 Kd6 57. Rf5 Rg2+ $11 {black manages to hold.}) 52. f5+ Ke7 53. Rc7+
Ke8 54. Kf6 Rf2 (54... Ra6+ 55. e6 fxe6 56. fxe6 Kd8 57. Rb7 $18) 55. Re7+ Kd8
56. Rb7 1-0

[Event "Sarajevo Bosnia 28th"]
[Site "Sarajevo"]
[Date "1998.06.05"]
[Round "8"]
[White "Nikolic, Predrag"]
[Black "Piket, Jeroen"]
[Result "1/2-1/2"]
[WhiteElo "2635"]
[BlackElo "2575"]
[Annotator "Avrukh,B"]
[PlyCount "39"]
[EventDate "1998.05.29"]
[EventType "tourn"]
[EventRounds "9"]
[EventCountry "BIH"]
[EventCategory "15"]
[SourceTitle "CBM 066"]
[Source "ChessBase"]
[SourceDate "1998.09.30"]
[SourceVersion "1"]
[SourceVersionDate "1998.09.30"]
[SourceQuality "1"]

1. Nf3 d5 2. d4 e6 3. Bg5 Be7 4. Bxe7 Nxe7 5. e3 (5. Nbd2 O-O (5... Nd7 6. e3
c5 7. c3 Nc6 8. Bb5 Qb6 9. Bxc6 bxc6 10. Qb3 $11 {Timmer,J-Friesen,B/
Vlissingen HZ-op 1997 (19)}) 6. e4 (6. e3 b6 7. Bd3 c5 8. c3 Ba6 9. Bxa6 Nxa6
10. O-O Rc8 $11 {Unkelbach,M-Becker,M/Sailauf op 1992/1/2-1/2 (60)}) 6... dxe4
7. Nxe4 Nbc6 8. c3 Qd5 9. Ng3 Rd8 10. Qd2 e5 $11 {Stefanova,A-Godena,M/Cannes
op 1996}) 5... O-O (5... c5 $5 6. c3 b6 7. Bd3 Nd7 8. Nbd2 Bb7 9. O-O Qc7 10.
e4 dxe4 11. Nxe4 Rd8 $132 {Ziembinski,M-Orlowski,R/POL-chT Augustow}) 6. c4 c5
$1 {After this strong reply black easily solves all opening problems.} 7. dxc5
{White can't gain anything also after} (7. cxd5 Nxd5 8. e4 (8. Nc3 Nxc3 9. bxc3
Qa5 10. Qd2 Nc6 11. Bd3 cxd4 12. cxd4 b6 $11) 8... Nf6 9. Nc3 (9. e5 $6 Nfd7
10. dxc5 Qa5+ 11. Nc3 Qxc5 12. Qd6 Nc6 $132) 9... cxd4 10. Qxd4 Qxd4 11. Nxd4
e5 12. Nf3 Nc6 $11 {and only black can think about an opening advantage,but
deserved attention}) (7. Nc3 $5 cxd4 8. exd4 Nbc6 9. Qd2 (9. c5 b6 $15) 9... b6
10. cxd5 Nxd5 11. Bd3 Bb7 12. O-O $13 {with mutual chanses.}) 7... Qa5+ 8. Nc3
dxc4 9. Bxc4 (9. Qd4 Rd8 10. Qxc4 Na6 11. Qa4 Qxc5 12. Be2 Bd7 $11) 9... Qxc5
10. Qd4 Qa5 $1 ({Less accurate} 10... Qxd4 11. Nxd4 Nbc6 12. Nxc6 Nxc6 13. Rd1
b6 14. Bb5 $1 $14 {and white has some pressure.}) 11. Qe5 Qxe5 12. Nxe5 Nd7 $11
13. Nxd7 (13. Nf3 Nf6 14. Rd1 b6 15. Ke2 Bb7 16. Rd2 Nc6 17. Rhd1 Rfd8 $11)
13... Bxd7 14. Ke2 Rac8 15. Bb3 Rfd8 16. Rhd1 Kf8 17. h4 h6 18. Rac1 Be8 {
The position is absolutely equal and the draw is not far away.} 19. Rxd8 Rxd8
20. a3 1/2-1/2

[Event "Politiken zt"]
[Site "Munkebo"]
[Date "1998.09.10"]
[Round "1.1"]
[White "Fyllingen, Roy Harald"]
[Black "Hector, Jonny"]
[Result "0-1"]
[WhiteElo "2405"]
[BlackElo "2510"]
[Annotator "Avrukh,B"]
[PlyCount "56"]
[EventDate "1998.09.10"]
[EventType "k.o."]
[EventRounds "5"]
[EventCountry "DEN"]
[SourceTitle "CBM 067"]
[Source "ChessBase"]
[SourceDate "1998.11.30"]
[SourceVersion "2"]
[SourceVersionDate "1998.11.01"]
[SourceQuality "1"]

1. d4 d5 2. Nf3 Nf6 3. g3 Bg4 4. Ne5 Bf5 (4... Bh5 5. Bg2 e6 6. O-O Nbd7 7.
Nxd7 Qxd7 8. b3 $6 (8. c4 $5) 8... Be7 9. Bb2 O-O 10. Nd2 a5 11. c4 a4 $15 {
0-1 Guenther,T-Mikhalevski,A/Berliner Sommer 1996 (49)}) 5. c4 c6 6. Bg2 e6 7.
O-O Nbd7 8. Nd2 (8. cxd5 cxd5 9. Qb3 (9. Nc3 Be7 10. Bg5 O-O 11. Nxd7 Qxd7 12.
Qb3 h6 $11 {1/2-1/2 Godes,D-Stisis,Y/ISR-ch 1994 (30)}) 9... Qb6 10. Qxb6 Nxb6
11. Nc3 a6 12. Bf4 Bb4 13. Rfc1 Rc8 $2 (13... O-O $11 {[%cal Rf8c8]}) 14. Na4
$1 Rxc1+ 15. Rxc1 Nxa4 16. Rc8+ Ke7 17. Rxh8 $18 {1-0 Fitzpatrick,S-Telfer,K/
AUS op 1994 (26)}) 8... Be7 9. Ndf3 h6 (9... Nxe5 10. Nxe5 dxc4 11. Nxc4 $14)
10. cxd5 exd5 11. Nh4 $2 (11. Qb3 Qb6 12. Qxb6 axb6 $11 {[%cal Ra8a2]}) (11.
Bf4 O-O 12. Qb3 (12. Nxd7 Nxd7 13. Qd2 Nf6 14. Rfc1 Ne4 15. Qe1 {[%cal Gb2b4,
Gf3e5]} Qb6 $1 16. a3 Bf6 17. Qd1 $11) 12... Qb6 13. Nxd7 Nxd7 $11) (11. Bd2
O-O 12. Nxd7 Nxd7 $11) 11... Bh7 12. Qb3 Qb6 13. Nxd7 (13. Qxb6 axb6 14. Nhf3
O-O 15. Bf4 $11 {[%cal Ga8a2]}) 13... Nxd7 14. Qe3 Qd8 15. Bh3 $2 (15. Qb3 Qb6
16. Qe3 $11) 15... O-O 16. Nf5 Bf6 $15 {[%csl Rc1]} 17. Qf3 Nb6 18. Rd1 Nc4 19.
Qb3 (19. Ne3 Nxe3 20. Bxe3 Qb6 21. Rd2 $15) 19... Re8 20. Kf1 $6 (20. e3 b6 21.
Bd2 Bg5 $1 $17 {[%csl Rf5][%cal Gg7g6]}) (20. Ne3 {[%cal Ge3g4,Gg4e5,Yg4f6]}
Nxe3 21. Bxe3 Qb6 22. Qxb6 axb6 $15) 20... b6 21. Qc3 $2 {[%csl Rc3,Gf6]} (21.
Ne3 Qe7 22. Bg4 Nd6 $1 $17) 21... c5 $17 22. Qf3 Bxf5 23. Bxf5 cxd4 $2 (23...
Bxd4 $5 24. e3 Be5 25. Rxd5 Qf6 26. Rb1 Bxb2 27. Qe2 Bxc1 28. Qxc4 Bb2 $17 {
[%csl Yb2,Gf5]}) 24. Rb1 (24. b3 d3 $1 25. exd3 Bxa1 26. dxc4 Qf6 $17) 24...
Nd6 25. Bc2 $2 (25. Qxd5 $4 Re5 $18) (25. Bg4 $1 {[%cal Rg4c8]} Ne4 26. Bf4 $15
{[%cal Gb1c1]}) 25... Ne4 26. Ba4 $2 (26. Bf4 Rc8 27. Bd3 Rc5 $17) 26... Re6
27. Qg4 $2 (27. Bf4 $17) 27... Be5 28. Bc2 $4 (28. Bf4 Bxf4 29. gxf4 Rg6 30.
Qf3 Qh4 $19) 28... Qc8 {In this game white made 7 moves with his queen,and 6
moves with the bishop,so ,of couse he lost it.Now 28.Be4 (if 28.Bd3 Nf2! 29.
Kf2 Rf6+)28...de 29.Qe4 Bq3! 30.Qg2(30.Qd4 Rd6-+) 30...Be5 -+} (28... Nxf2 $1
29. Kxf2 Qc8 {[%cal Ge6f6]} 30. Bf5 Rf6 31. Kg2 Rxf5 $19) 0-1

[Event "Olympiad-33"]
[Site "Elista"]
[Date "1998.10.02"]
[Round "4.2"]
[White "Georgiev, Kiril"]
[Black "Kempinski, Robert"]
[Result "1-0"]
[WhiteElo "2660"]
[BlackElo "2545"]
[Annotator "Avrukh,B"]
[PlyCount "55"]
[EventDate "1998.09.29"]
[EventType "team-swiss"]
[EventRounds "13"]
[EventCountry "RUS"]
[SourceTitle "CBM 068"]
[Source "ChessBase"]
[SourceDate "1999.02.01"]
[SourceVersion "1"]
[SourceVersionDate "1999.02.01"]
[SourceQuality "1"]
[WhiteTeam "Bulgaria"]
[BlackTeam "Poland"]
[WhiteTeamCountry "BUL"]
[BlackTeamCountry "POL"]

{[%mdl 5152]} 1. d4 Nf6 2. Nf3 g6 3. g3 d5 4. Bg2 Bg7 5. O-O c6 6. b3 (6. c4
dxc4 7. Ne5 Be6 {[%cal Rc8e6,Re6d5,Rd5g2,Gd8d5] After exchange bishops black
pieses will ocupate very importent central point d5.} 8. Na3 Bd5 9. Naxc4 Bxg2
10. Kxg2 O-O 11. Nf3 $6 (11. e3 $5 {[%cal Gd1f3]}) 11... Nbd7 12. Qd3 Nb6 13.
Nce5 Qd5 {[%csl Gd5]} 14. b3 Ne4 15. Bb2 Bxe5 16. dxe5 Qxd3 17. exd3 Nc5 18.
Ba3 Nxd3 19. Rad1 Rfd8 20. Bxe7 Rd5 $15 {[%csl Gd5] 1/2-1/2 Vaklinov,
A-Pettinger,J/WchJM-U16 Szeged 1994/TD 94\01 (34)}) (6. Bf4 Qb6 7. Qc1 O-O 8.
c4 dxc4 9. Nbd2 Be6 10. e4 Na6 11. Ng5 Bg4 12. h3 Be2 13. Re1 Bd3 14. Ngf3 Nb4
15. Nxc4 Qa6 $17 {[%csl Re4] Gutman,L-Kogan,B/Lone Pine op 1981/MCL 04/1/2-1/2
(70)}) 6... a5 (6... O-O 7. Bb2 Ne4 8. Nbd2 (8. Nfd2 Nd6 9. e3 c5 10. c3 cxd4
11. cxd4 Nb5 12. Qe2 Nc7 13. Nc3 Nc6 14. Nb5 Bg4 15. Qxg4 Nxb5 16. Qe2 a6 17.
a4 Nba7 18. Ba3 $1 $16 {[%csl Ra7,Rc6][%cal Gf1c1] 1-0 Rentschler,J-Gabriel,R/
BL2-S 1991/BL2 (63)}) 8... Nxd2 9. Qxd2 Bf5 10. Nh4 Be6 11. Rac1 c5 {1/2-1/2
Espig,L-Boensch,U/Zittau 1989/CBM 12 (11)}) (6... Bf5 7. Bb2 Qc8 8. Re1 O-O 9.
c4 Rd8 10. Nbd2 Bh3 11. Bh1 Bh6 12. e3 Bg4 13. Qc2 Bf5 14. Qc3 Ne4 15. Nxe4
Bxe4 $11 {0-1 Varnusz,E-Kovacs,L/HUN-ch 1966/MCD-ch (28)}) 7. c4 a4 8. Ba3 $5 (
8. Bb2 O-O 9. Nc3 axb3 10. cxd5 Nxd5 11. Nxd5 Qxd5 $11) 8... Ne4 (8... O-O $142
) 9. e3 Bf5 10. Nfd2 Nxd2 $2 ({Black doesn't want to castle.The reason -none.
Next move it will be too late,and king will stay in center until the end.} 
10... O-O $142 11. Nxe4 Bxe4 12. Bxe4 (12. cxd5 Bxg2 13. Kxg2 Qxd5+) 12... dxe4
$13) 11. Qxd2 Be6 (11... O-O 12. cxd5 axb3 (12... cxd5 13. Nc3 $16 {[%csl Ra4,
Gc3,Rd5]}) 13. axb3 c5 (13... cxd5 $2 14. Bxe7 $18) 14. Bb2 Rxa1 15. Bxa1 $16)
12. cxd5 Bxd5 13. Bxd5 cxd5 (13... Qxd5 $2 14. Nc3 Qf3 15. Nxa4 b5 $140 $2 16.
Qb4 $18) 14. Nc3 $16 axb3 15. Qb2 $1 {[%cal Ga1a8,Gf1b1,Gb1b8] White sacrifice
the pawn for two open lines ("a"and"b")} bxa2 $2 {After this move black
position is very unhappy.Because of the weak pawn on d5.Also not so good to
play e6 couse after it white bishop will be too strong!But much better was:} (
15... O-O 16. Qxb3 Re8 17. Bb2 e6 18. Qxb7 Nd7 19. Rfb1 Nf6 {[%cal Gd8a5,Ge8b8]
With some countrplay.}) 16. Rxa2 Qd7 17. Rb1 Ra7 18. Qb3 $1 Nc6 (18... e6 19.
Qb6 Nc6 20. Nb5 {[%cal Gb5c7,Gb5d6]} Rxa3 21. Nxa3 $18 {[%csl Rb7]}) 19. Nxd5
Na5 (19... O-O 20. Nxe7+ $1 Nxe7 21. Bxe7 Rxa2 22. Bxf8 Rd2 23. Bxg7 Qf5 24.
Rf1 Kxg7 25. Qxb7 $18) 20. Qb4 {[%csl Re7]} Nc6 21. Qc4 h5 (21... O-O 22. Nxe7+
$1 $18) 22. Rab2 $1 $18 {[%csl Rb7][%cal Ga3c5]} e6 (22... Rxa3 23. Rxb7 Ra1
24. Nc7+ Qxc7 (24... Kd8 25. Rxa1) 25. Rxc7 Rxb1+ 26. Kg2 Nd8 27. Qa4+ Kf8 28.
Qa8 $18) 23. Nb6 Qd8 24. Bc5 Bf8 25. d5 {[%csl Re8]} exd5 26. Nxd5 Bxc5 27.
Qxc5 Ra5 28. Qc3 $1 {[%cal Gc3h8,Gb3b7,Rd5f6]} 1-0

[Event "Olympiad-33"]
[Site "Elista"]
[Date "1998.10.06"]
[Round "8.3"]
[White "Akopian, Vladimir Eduardovic"]
[Black "Yemelin, Vasily"]
[Result "1-0"]
[WhiteElo "2655"]
[BlackElo "2510"]
[Annotator "Avrukh,B"]
[PlyCount "81"]
[EventDate "1998.09.29"]
[EventType "team-swiss"]
[EventRounds "13"]
[EventCountry "RUS"]
[SourceTitle "CBM 068"]
[Source "ChessBase"]
[SourceDate "1999.02.01"]
[SourceVersion "1"]
[SourceVersionDate "1999.02.01"]
[SourceQuality "1"]
[WhiteTeam "Armenia"]
[BlackTeam "Russia II"]
[WhiteTeamCountry "ARM"]
[BlackTeamCountry "RUS"]

{[%mdl 192]} 1. Nf3 Nf6 2. g3 d5 3. Bg2 c5 4. O-O Nc6 5. d4 Bg4 (5... Bf5 6. c4
e6 (6... dxc4 7. Qa4 Nd7 $2 (7... cxd4 8. Nxd4 Qxd4 9. Bxc6+ Bd7 10. Rd1 (10.
Bxd7+ Qxd7 11. Qxc4 $14 {[%csl Re8]}) 10... Bxc6 11. Qxc6+ bxc6 12. Rxd4 $14 {
[%csl Rc6]}) 8. dxc5 e6 9. Qxc4 Bxc5 10. Nc3 Qe7 11. Nh4 Bg6 12. Nxg6 hxg6 13.
Ne4 Bb6 14. Rd1 Bc7 15. Be3 O-O 16. Ng5 $16 {[%cal Gc4h4,Rd1d7] 1-0 Zarkovic,
J-Mehmedovic,M/Zagreb 1977/MCD-ch (40)}) 7. Nc3 Be7 8. cxd5 Nxd5 9. Qb3 cxd4 $6
(9... Qb6 $142) 10. Qxb7 Qc8 11. Qxc8+ Rxc8 12. Nxd5 exd5 13. Rd1 Bc5 (13... d3
$5 14. exd3 O-O $14) 14. Ne1 Be4 15. Bh3 Rd8 16. Bf4 Bd6 17. Rac1 Bxf4 18. gxf4
Rd6 19. f3 Bg6 20. f5 Bh5 21. Nc2 {[%csl Rd4,Rd5][%cal Gc2d4] with winning
position for white.1-0 Kortschnoj,V-Pomar Salamanca,A/Stockholm 1962/IZT (41)})
(5... Qb6 6. c4 cxd4 7. cxd5 Nxd5 8. Nxd4 Nxd4 9. Bxd5 g6 10. Nc3 Bd7 (10...
Bg7 11. Qa4+ Nc6 (11... Bd7 12. Bxf7+ $1) 12. Be3 Qc7 13. Rfd1 O-O 14. Rac1 {
and white is clearly better.}) 11. Be3 Bg7 12. Qd2 O-O 13. Rad1 e5 14. f4 $1 {
[%csl Rd4]} Qc7 15. fxe5 Nf5 16. Bf4 Qc5+ 17. Rf2 Rad8 18. e4 Ne7 19. Bxf7+ $1
Rxf7 20. e6 Rff8 21. exd7 $18 {1-0 Lein,A-Kots,Y/URS 1961/URS-ch (40)}) 6. c4
Bxf3 7. Bxf3 cxd4 $146 (7... Nxd4 8. Bg2 e6 9. Nc3 Be7 10. e3 Nc6 11. cxd5 exd5
12. Nxd5 Nxd5 13. Bxd5 O-O (13... Qc7 14. Bd2 O-O 15. Bc3 Kh8 16. Qh5 $16 {
[%csl Gc3,Gd5] . 1-0 Anastasian,A-Lputian,S/Erevan 1994/EXT 94 (39)}) 14. Bxc6
$5 {Transformation !Two bishops---->into bishop against bishop with two weak
pawns:c6,c5.} bxc6 {[%csl Rc5,Rc6]} 15. Bd2 Bf6 {[%csl Rc5,Rc6]} 16. Qc2 Qd5 {
[%csl Rf3,Rg2,Rh3] 1/2-1/2 Benko,P-Keres,P/Budapest 1955/MCD-ma (24)} 17. Rfd1
$14) 8. Qb3 Qb6 $2 (8... Ne5 $5 9. Qxb7 d3 $1 10. Nd2 (10. Bxd5 Nxd5 11. cxd5
Rb8 (11... dxe2 12. Qb5+ Qd7 13. Qxe2 Qxd5 14. f4 Nc4 $11 {[%cal Gd5c5]}) 12.
Qa6 dxe2 13. Qxe2 Qxd5 {and black is O.K.}) (10. Rd1 $5 $13) 10... Nxf3+ 11.
Nxf3 (11. exf3 $143 Qc8 12. Qb5+ Qd7 13. Qxd7+ Kxd7 $15) 11... dxe2 12. Qc6+
Nd7 13. Re1 dxc4 14. Qxc4 e6 $11) 9. cxd5 (9. Qxb6 $2 axb6 10. cxd5 Nb4 $15 {
[%cal Gb4c2,Gb4d5]}) 9... Qxb3 10. axb3 Nb4 11. Ra5 {[%cal Ga5b5]} b6 12. Rb5
Na6 $6 {[%cal Ga6c5]} (12... Nc2 $5 {[%cal Gd4d3,Rc2d4]} 13. Na3 $16 (13. d6
Rc8 $13)) 13. Bf4 Nc5 {[%csl Rc5]} 14. Nd2 $16 {[%csl Re8][%cal Gb3b4]} Ncd7
15. Ra1 {[%cal Gd2c4,Gc4b6]} a6 16. Nc4 Ra7 17. Ne5 $5 {[%cal Ge5c6,Gc6d4]} (
17. Be5 {also looks very strong}) 17... g5 18. Nc6 $1 (18. Nxd7 $2 Rxd7 {
[%csl Gb5,Gf4]}) 18... gxf4 19. Nxa7 axb5 20. Nc6 $1 {[%cal Ga1a8]} Nc5 (20...
fxg3 21. Ra8+ Nb8 22. Rxb8+ Kd7 23. hxg3 $18) 21. Ne5 $3 {Fantastic!White has
piece less , played two "quiet" moves and black has no good defence now.} Nb7 (
21... Na4 22. bxa4 Nd7 23. Nc6 b4 24. a5 $1 $18) 22. Ra8+ Nd8 23. Nc6 (23.
Rxd8+ $4 Kxd8 24. Nxf7+ Ke8 25. Nxh8 Bg7 $19) 23... Kd7 24. Rxd8+ Kc7 25. Ra8
$18 {[%csl Rh8]} fxg3 26. hxg3 Kd6 27. Nxd4 Bg7 28. Ra7 {[%cal Gd4f5]} Kc5 29.
Nf5 Bf8 30. Rc7+ Kb4 31. Nd4 $40 {[%csl Rb4]} (31. Nxe7 Ne8 32. Nc6+ Kxb3 33.
Rxf7 $18) 31... e5 $8 (31... Rg8 32. Rc3 $1 {[%cal Gd4c6]} Ka5 33. b4+ Ka6 34.
d6 $18 {[%cal Gc3a3]}) 32. dxe6 Bc5 (32... fxe6 33. Rc3 Ka5 34. Bb7 b4 35. Rc1
{[%cal Gc1a1]} b5 36. Rc6 {[%cal Rc6a6] With mate on the next move.}) 33. Nc6+
Kxb3 34. Rxf7 Ne8 35. e7 Kxb2 36. Ne5 Kc3 37. Nd7 {[%cal Gf7f8]} Bd6 (37... Bd4
$142 {[%cal Gb5b4,Gb4b3]} 38. Rf8 b4 39. Nxb6 {[%cal Gb6d5]} b3 40. Bc6 b2 41.
Na4+ Kd2 42. Nxb2 Bxb2 43. Bxe8 $18) 38. Rf8 Rxf8 39. exf8=Q Bxf8 40. Nxf8 Nf6
41. e4 1-0